000 00198nam a22000857a 4500
008 160808b xxu||||| |||| 00| 0 eng d
100 _966
_aSachs M
245 _aThe Bear's House
260 _aUSA
_bMacMillan
999 _c2718
_d2718